000 01091cab a2200253 4500
001 ABS54227
008 090401t1995 xxu||||| |||| 00| 0 eng d
035 _a(Sirsi) u9126
041 _aeng
245 _aChilcott (VO) v Day
260 _c1995
350 _a0
490 _aRating Appeals
_v(1995) RA 285-291(4)
520 _aLT 10 August 1995. A hereditament consisting of four self-catering holiday chalets designed and adapted to meet the needs of physically handicapped guests which as a matter of policy by the owner was only let to disabled guests accompanied by at least one able bodied person, was held not exempt from non-domestic rating under Local Government Finance Act 1988 sch 5 para 16 because it was not `wholly used` for the provision of welfare services for disabled persons. (Taken from case referencer).
650 _aBUSINESS RATES
650 _aCARERS
650 _aDISABLED PEOPLE
650 _aEXEMPTION
650 _aHOLIDAY ACCOMMODATION
650 _aRATING APPEALS
690 _aRATING AND VALUATION-CASE LAW
942 _n0
948 _c04/03/1997
999 _c5659
_d5659